| 000 | 00473nam a2200145 4500 | ||
|---|---|---|---|
| 020 | _a978-607-442-842-1 | ||
| 050 | _aTJ213 H47 2010 | ||
| 082 | _a629.8 H557i 2010 | ||
| 100 | _aHern ndez Gaviño, Ricardo | ||
| 245 | _aIntroducción a los sistemas de control: Conceptos, aplicaciones y simulación con MATLAB / Ricardo Hern ndez Gaviño, | ||
| 250 | _a1 | ||
| 260 | _aMéxico: Pearson | ||
| 300 | _axiii, 513 p. / 26 cm. | ||
| 650 | _a1. CONTROL AUTOMÁTICO / 2. MATLAB | ||
| 999 |
_c27423 _d27423 |
||